Report of working group of the government of India and the food and agriculture organization of the United Nations (Record no. 426051)

000 -LEADER
fixed length control field 00452cam a22001097a 4500
008 - FIXED-LENGTH DATA ELEMENTS--GENERAL INFORMATION
fixed length control field 180718b1958 xxu||||| |||| 00| 0 eng d
082 ## - DEWEY DECIMAL CLASSIFICATION NUMBER
Classification number Y15x54 In2f
245 ## - TITLE STATEMENT
Title Report of working group of the government of India and the food and agriculture organization of the United Nations
Statement of responsibility, etc. by Ministry of Food and Agriculture, India
260 ## - PUBLICATION, DISTRIBUTION, ETC.
Place of publication, distribution, etc. Delhi
Name of publisher, distributor, etc. Ministry of Food and Agriculture
Date of publication, distribution, etc. 1958
300 ## - PHYSICAL DESCRIPTION
Extent 92+p.
700 ## - ADDED ENTRY--PERSONAL NAME
Personal name India. Ministry of Food and Agriculture
Holdings
Withdrawn status Lost status Damaged status Not for loan Permanent Location Current Location Date acquired Full call number Barcode Date last seen Price effective from Koha item type
        Indian Institute of Public Administration Indian Institute of Public Administration 2009-10-20 Y15x54 In2f 22741 2018-07-21 2018-07-21 Book

Powered by Koha